000 01765cam a22004337a 4500
003 CHAP
005 20220817044029.0
008 050615d2001 es a r 00110 spa d
010 _a90491
011 _a91463
020 _a8484760456
035 _a102022
040 _cCHAP
082 0 4 _a631.86
_bL6 2001
100 1 _aLabrador Moreno, Juana
_964301
245 1 0 _aLa materia orgánica en los agrosistemas :
_baproximación al conocimiento de la dinámica, la gestión y la reutilización de la materia orgánica en los agrosistemas
_c/por Juana Labrador Moreno
250 _a2 ed. corr. y amp.
260 0 _aMadrid :
_bMundi-Prensa,
_c2001
300 _a293 p. :
_bilus. ; gráfs.
590 _aBATCH-UPD
_b10
_c20130110
_lUCH01
_h1057
590 _aBATCH-UPD
_b10
_c20130410
_lUCH01
_h0652
590 _aBATCH-UPD
_b10
_c20130913
_lUCH01
_h2232
590 _aCONVERSION
_b10
_c20130109
_lUCH01
_h1350
650 1 4 _aAbonos verdes.
_9282
650 1 4 _aAbonos.
_9235
650 1 4 _aAbonos
_xEfecto en suelos.
650 1 4 _aAgricultura orgánica.
_92005
650 1 4 _aGallinaza.
_944445
650 1 4 _aHumus.
_956902
650 1 4 _aSuelos
_xMateria orgánica.
_9110429
901 _aBK
905 _aLilia Sánchez G.
942 _cLIBRO
949 _a631.86 L6 2001
_bBC
_cLIBRO
_d33724000957825
_eLIBRO
_gI.223931
_h106109
_i102022
_si
_t$642.00
949 _a631.86 L6 2001
_bBC
_cLIBRO
_d33724000957882
_eLIBRO
_fc.2
_gI.223930
_h106110
_i102022
_si
_t$642.00
949 _a631.86 L6 2001
_bBC
_cLIBRO
_d33724000957940
_eLIBRO
_fc.3
_gI.223932
_h106111
_i102022
_si
_t$642.00
949 _a631.86 L6 2001
_bBC
_cLIBRO
_d33724002047371
_eLIBRO
_fc.4
_gI.c/e
_h108866
_i102022
_si
_t$642.00
949 _a631.86 L6 2001
_bBC
_cLIBRO
_d33724002047413
_eLIBRO
_fc.5
_gI.c/e
_h108867
_i102022
_si
_t$642.00
999 _c90491
_d90491